00310 2200121 4500245007800000250001100078100002300089650001600112005001900128260001800147041001400165336000900179 aLAPORAN KARYA SISWAb : PANGAN LOKAL INDONESIAcALAYA YUANKALILA JhText aCet. 1 aALAYA YUANKALILA J aKarya Siswa a20240829111939 aJakartac2024 aIndonesia atext